书目信息 |
| 题名: |
Visual C++ for Windows程序设计基础
|
|
| 作者: | 马希荣 编 | |
| 分册: | ||
| 出版信息: | 北京 电子工业出版社 1996.03 |
|
| 页数: | 577页 | |
| 开本: | 16开 | |
| 丛书名: | ||
| 单 册: | ||
| 中图分类: | TP312 | |
| 科图分类: | ||
| 主题词: | 软件 | |
| 电子资源: | ||
| ISBN: | 7-5053-3177-9 | |
| 000 | 00570nam0 2200193 45 | |
| 001 | 0004181543 | |
| 005 | 20000418151958.0 | |
| 010 | @a7-5053-3177-9@d52.00元 | |
| 100 | @a20000418d1996 km y0chiy0120 ea | |
| 101 | @achi | |
| 105 | @a z 000yy | |
| 200 | 1 | @aVisual C++ for Windows程序设计基础@AVisual C++ forWindows Cheng Xu She Ji Ji Chu@f马希荣编@FMa Xi RongBian |
| 210 | @a北京@c电子工业出版社@d1996.03 | |
| 215 | @a577页@d16开 | |
| 606 | 0 | @a软件 |
| 690 | @aTP312@v3 | |
| 701 | @a马希荣@4编 | |
| 801 | @aCN@bPftUser@c20000418 | |
| 905 | @f3@b53125-127@dTP312@eM746 | |
| Visual C++ for Windows程序设计基础/马希荣编.-北京:电子工业出版社,1996.03 |
| 577页;16开 |
| ISBN 7-5053-3177-9:52.00元 |
| ● |
| 相关链接 |
|
|
|
正题名:Visual C++for Windows程序设计基础
索取号:TP312/M746
 
预约/预借
| 序号 | 登录号 | 条形码 | 馆藏地/架位号 | 状态 | 备注 |
| 1 | 53125 | 200531255 | 自科二线400A/400A自科库 2排2列4层/ [索取号:TP312/M746] | 在馆 | |
| 2 | 53126 | 200531264 | 期刊室512/301自科库 75排1列4层/ [索取号:TP312/M746] | 在馆 | |
| 3 | 53127 | 200531273 | 期刊室512/301自科库 75排1列4层/ [索取号:TP312/M746] | 在馆 |